| 000 | 00455nam a2200181Ia 4500 | ||
|---|---|---|---|
| 005 | 20240823015432.0 | ||
| 008 | 240823s9999||||xx |||||||||||||| ||und|| | ||
| 041 | _aENGLISH | ||
| 082 | _A666.893 N2 | ||
| 100 | _aKaushal Kishore | ||
| 245 | 0 | _aMethod of Concrete Mix Design with Chemical Admixtures | |
| 250 | _a1st | ||
| 260 |
_c1992 _b"Standard Pub," _aDelhi |
||
| 500 | _aTransfered | ||
| 650 |
_aConcrete _bCivil |
||
| 942 | _cBK | ||
| 999 |
_c172413 _d172413 |
||